| 000 | 00838nam a2200265 a 4500 | ||
|---|---|---|---|
| 008 | |||
| 020 | _a0874347009 (pbk. ) | ||
| 049 | 9 | 9 | _aMAIN |
| 090 | 0 | 0 | _aRG951 |
| 100 | 1 | _aRowland, Lisa E. | |
| 245 | 1 | 0 |
_aPatient outcomes in maternal-infant nursing / _cLisa E. Rowland, Patricia Iyer. |
| 260 |
_aSpringhouse, Pa. : _bSpringhouse Corp. , _cc1995. |
||
| 300 |
_aviii, 406 p. ; _c19 cm. |
||
| 504 | _aIncludes bibliographical references : p. 398-400. | ||
| 500 | _aIncludes index. | ||
| 650 | 0 | _aMaternity nursing. | |
| 650 | 0 |
_aInfants (Newborn) _xDiseases _xNursing. |
|
| 650 | 0 | _aOutcome assessment (Medical care) | |
| 700 | 1 | _aIyer, Patricia W. | |
| 907 |
_a.b10159794 _b10-05-13 _c14-03-05 |
||
| 003 | |||
| 005 | 20230120203909.0 | ||
| 040 | _cNUST | ||
| 942 |
_cBOOKS _kRG951 |
||
| 999 |
_c113444 _d113444 |
||